000 00568nam a22001817a 4500
005 20230622141820.0
008 230622b |||||||| |||| 00| 0 eng d
020 _a9780120885916
082 _a363.25
_bFIS-C
100 _aFisher, Barry A. J
245 _aIntroduction to Criminalistics : the Foundation of Forensic Science /
_bFisher, Barry A. J.; Woytowicz, Catherine; Tilstone, William J.
260 _aChina
_bElsevier
_c2009
300 _a321
500 _aInclude Index
650 _aMedical
_aForensic Science
700 _aFisher, Barry A. J
999 _c18796
_d18796